Marques de bière sans voyelles - Statistiques

Statistiques générales
  • Ce quiz a été pris 130 fois
  • Le résultat moyen est 13 sur 20
Statistiques - réponses
Indice Réponse % Correct
H_ _N_K_N Heineken
100%
KR_N_NB_ _RG Kronenbourg
97%
GR_MB_RG_N Grimbergen
96%
L_FF_ Leffe
93%
D_SP_R_D_S Desperados
90%
G_ _NN_SS Guinness
88%
_FFL_G_M Affligem
82%
C_RLSB_RG Carlsberg
77%
C_R_N_ Corona
70%
P_ _X-D_ _ _ Paix-Dieu
67%
B_DW_ _S_R Budweiser
64%
M_RT S_B_T_ Mort Subite
63%
ST_LL_ _RT_ _S Stella Artois
54%
CH_M_ _ Chimay
46%
H_ _G_ _RD_N Hoegaarden
45%
C_V_ _ D_S TR_LLS Cuvée des Trolls
44%
TR_P_L K_RM_L_ _ T Tripel Karmeliet
40%
F_D_ Fada
30%
J_NL_ _N Jenlain
17%
L_ B_T_ La Bête
15%
Aucun quiz correspondant
Distribution des résultats
% des personnes avec chaque résultat
Percentile par nombre de réponses
Votre historique - résultats
Vous n’avez pas pris ce quiz